| 000 | 00638nam a2200241 a 4500 | ||
|---|---|---|---|
| 001 | nice12345678 | ||
| 003 | IN_TiNIC | ||
| 005 | 20260116013534.0 | ||
| 008 | 050524s1992 newa grp 000 0 eng | ||
| 020 |
_a _c330 |
||
| 082 | 0 | 0 |
_a291.82 _bPEL |
| 100 | _aPelikan, Jarslav | ||
| 245 | _aOn Searching the Scriptures Your Own Or Someone Else`s | ||
| 260 |
_aNew York _bQuality Paperback Book Club _c1992 |
||
| 300 | _a97p | ||
| 500 | _aincludes index and biblioraphy | ||
| 505 | 2 | _aIndex, Notes | |
| 650 | _aComparative Religion-Scriptures | ||
| 700 | 1 | _aPelikan, Jarslav | |
| 902 | _bSRS | ||
| 942 | _cBK | ||
| 999 |
_c11382 _d11382 |
||